FUNDAMENTALS OF ANALYTICAL CHEMISTRY (Record no. 12383)

MARC details
000 -LEADER
fixed length control field 00429nam a22001697a 4500
003 - CONTROL NUMBER IDENTIFIER
control field OSt
008 - FIXED-LENGTH DATA ELEMENTS--GENERAL INFORMATION
fixed length control field 240402b |||||||| |||| 00| 0 eng d
020 ## - INTERNATIONAL STANDARD BOOK NUMBER
International Standard Book Number 9789355735195
082 ## - DEWEY DECIMAL CLASSIFICATION NUMBER
Classification number 543 SKF
100 ## - MAIN ENTRY--PERSONAL NAME
Personal name SKOOG, DOUGLAS.A
245 ## - TITLE STATEMENT
Title FUNDAMENTALS OF ANALYTICAL CHEMISTRY
250 ## - EDITION STATEMENT
Edition statement 10th
260 ## - PUBLICATION, DISTRIBUTION, ETC. (IMPRINT)
Place of publication, distribution, etc New Delhi
Name of publisher, distributor, etc CENGAGE
Date of publication, distribution, etc 2023
300 ## - PHYSICAL DESCRIPTION
Extent xv,933,I-24
650 ## - SUBJECT ADDED ENTRY--TOPICAL TERM
Topical term or geographic name as entry element PHARMACEUTICS ORGANIC CHEMISTRY-I
942 ## - ADDED ENTRY ELEMENTS (KOHA)
Source of classification or shelving scheme Dewey Decimal Classification
Koha item type Text Books
Holdings
Withdrawn status Lost status Source of classification or shelving scheme Damaged status Not for loan Collection code Home library Current library Date acquired Source of acquisition Currency Cost, normal purchase price Bill Number Total Checkouts Full call number Acc. no. / Barcode Date last seen Actual Cost, discounted price Bill Date Koha item type
    Dewey Decimal Classification     B.Pharma PIET C-LIBRARY PIET C-LIBRARY 02/04/2024 ZAFAA BOOKS RUPEES 1250.00 ZBDO459   543 SKF BP2437 02/04/2024 900.00 23/03/2024 Reference Books
    Dewey Decimal Classification     B.Pharma PIET C-LIBRARY PIET C-LIBRARY 02/04/2024 ZAFAA BOOKS RUPEES 1250.00 ZBDO459   543 SKF BP2438 02/04/2024 900.00 23/03/2024 Text Books
    Dewey Decimal Classification     B.Pharma PIET C-LIBRARY PIET C-LIBRARY 02/04/2024 ZAFAA BOOKS RUPEES 1250.00 ZBDO459   543 SKF BP2439 02/04/2024 900.00 23/03/2024 Text Books
    Dewey Decimal Classification     B.Pharma PIET C-LIBRARY PIET C-LIBRARY 02/04/2024 ZAFAA BOOKS RUPEES 1250.00 ZBDO459   543 SKF BP2440 02/04/2024 900.00 23/03/2024 Text Books
    Dewey Decimal Classification     B.Pharma PIET C-LIBRARY PIET C-LIBRARY 02/04/2024 ZAFAA BOOKS RUPEES 1250.00 ZBDO459   543 SKF BP2441 02/04/2024 900.00 23/03/2024 Text Books
    Dewey Decimal Classification     B.Pharma PIET C-LIBRARY PIET C-LIBRARY 02/04/2024 ZAFAA BOOKS RUPEES 1250.00 ZBDO459   543 SKF BP2442 02/04/2024 900.00 23/03/2024 Text Books
    Dewey Decimal Classification     B.Pharma PIET C-LIBRARY PIET C-LIBRARY 02/04/2024 ZAFAA BOOKS RUPEES 1250.00 ZBDO459   543 SKF BP2443 02/04/2024 900.00 23/03/2024 Text Books
    Dewey Decimal Classification     B.Pharma PIET C-LIBRARY PIET C-LIBRARY 02/04/2024 ZAFAA BOOKS RUPEES 1250.00 ZBDO459   543 SKF BP2444 02/04/2024 900.00 23/03/2024 Text Books
    Dewey Decimal Classification     B.Pharma PIET C-LIBRARY PIET C-LIBRARY 02/04/2024 ZAFAA BOOKS RUPEES 1250.00 ZBDO459   543 SKF BP2445 02/04/2024 900.00 23/03/2024 Text Books
    Dewey Decimal Classification     B.Pharma PIET C-LIBRARY PIET C-LIBRARY 02/04/2024 ZAFAA BOOKS RUPEES 1250.00 ZBDO459   543 SKF BP2446 02/04/2024 900.00 23/03/2024 Text Books

Design & Developed by: PIET Central Library
R70 Miles Stone Pattikalyana Samalkha Panipat 132102
mail ID :- [email protected], Phone No:- 0180-2569700 Ex.216